Open Data Biblioteca Nacional de Portugal


República Portuguesa: Ministério da Cultura
Biblioteca Nacional de Portugal

Catálogo da BNP: acesso por Identificadores Unívocos
Registos Bibliográficos associados ao registo de autoridade

Etiqueta de registo: 00000nkm 2200025 450
001 2269311
003 http://id.bnportugal.gov.pt/bib/catbnp/2269311
100 ## $a20260220d1982 m y0pory01030103ba
101 0# $apor
102 ## $aPT
200 1# $aIV Festival de Folcore do Centro de Portugal, Tomar 82, 28 de agosto$bVisual gráfico]$fSociedade Filarmónica Gualdim Pais
210 #9 $aTomar$cSociedade Filarmónica Gualdim Pais,$d1982$e[Tomar] :$gA Gráfica de Tomar
215 ## $a1 cartaz$ccolor.$d73,2x46,7 cm
317 ## $aColeção Madeira Luís
710 02 $aFestival de Folcore do Centro de Portugal$b4$eTomar$f1982$31994088
712 02 $aSociedade Filarmónica Gualdim Pais$c(Tomar, Portugal)$318189
801 #0 $aPT$bBN$gRPC
966 ## $lBN$mICONOG$sCT. 21382 A.$x3
971 ## $cCaticonografia3$d20260220
995 ## $aPRR2026 $d20260220$iCaticonografia3

OpendataBNP@bnportugal.pt | Mais informação sobre acesso aos dados BNP